[Event "Aeroflot Open 2016 B"]
[Site "Moscu RUS"]
[Date "2016.03.01"]
[Round "1.25"]
[White "Demianjuk, Alexander"]
[Black "Golubov, Saveliy"]
[Result "1/2-1/2"]
[WhiteElo "2336"]
[BlackElo "2469"]
[PlyCount "79"]
[EventDate "2016.03.01"]
[EventType "swiss"]
[EventRounds "9"]
[EventCountry "RUS"]
[Source "lmi"]
[SourceDate "2016.03.01"]

1. d4 Nf6 2. c4 g6 3. Nc3 Bg7 4. e4 d6 5. Nf3 O-O 6. h3 e5 7. d5 a5 8. Bg5 Na6
9. Nd2 c6 10. Be2 Nc5 11. O-O h6 12. Be3 Nfd7 13. Nb3 Nxb3 14. axb3 c5 15. Nb5
Ra6 16. Bd2 Nf6 17. Nc3 Ne8 18. f4 exf4 19. Bxf4 Qe7 20. Bd3 Nf6 21. Qd2 Nh5
22. Be3 g5 23. Ne2 Rb6 24. Bc2 Bxb2 25. Rxa5 Qe5 26. Ra8 Ra6 27. Rxa6 bxa6 28.
b4 cxb4 29. Qxb4 a5 30. Qxa5 Nf6 31. Qb6 Nxe4 32. Bd4 Bxd4+ 33. Qxd4 Qxd4+ 34.
Nxd4 Nd2 35. Rf6 Nxc4 36. Rxh6 Kg7 37. Rh7+ Kf6 38. Rh6+ Kg7 39. Rh7+ Kf6 40.
Rh6+ 1/2-1/2

[Event "Aeroflot Open 2016 B"]
[Site "Moscu RUS"]
[Date "2016.03.01"]
[Round "1.26"]
[White "Vavulin, Maksim"]
[Black "Elistratov, Semen"]
[Result "1-0"]
[WhiteElo "2456"]
[BlackElo "2335"]
[PlyCount "83"]
[EventDate "2016.03.01"]
[EventType "swiss"]
[EventRounds "9"]
[EventCountry "RUS"]
[Source "lmi"]
[SourceDate "2016.03.01"]

1. e4 c5 2. b3 Nc6 3. Bb2 d6 4. Bb5 Nf6 5. Qe2 Bd7 6. f4 Qa5 7. Bxc6 Bxc6 8.
Nc3 e6 9. Nf3 Be7 10. O-O O-O 11. Kh1 b5 12. d3 Rfe8 13. a4 bxa4 14. Nxa4 c4
15. dxc4 Nxe4 16. Nd4 Bb7 17. f5 exf5 18. Nxf5 Bf6 19. Qf3 Bxb2 20. Nxb2 Qe5
21. Nd3 Qf6 22. Qf4 Kh8 23. Rae1 Re6 24. Ne3 Rae8 25. Qxf6 Nxf6 26. Nd1 h6 27.
Kg1 Kg8 28. Nc3 Ng4 29. Rxe6 Rxe6 30. Re1 Ne3 31. Re2 g5 32. Nb5 d5 33. Nc5 Re7
34. Nxb7 dxc4 35. bxc4 f5 36. N5d6 f4 37. c5 g4 38. c6 Rc7 39. Na5 Re7 40. Ndc4
Kf7 41. Nxe3 fxe3 42. Nc4 1-0

[Event "Aeroflot Open 2016 B"]
[Site "Moscu RUS"]
[Date "2016.03.01"]
[Round "1.27"]
[White "Bashirli, Nail"]
[Black "Kashlinskaya, Alina"]
[Result "1-0"]
[WhiteElo "2332"]
[BlackElo "2454"]
[PlyCount "87"]
[EventDate "2016.03.01"]
[EventType "swiss"]
[EventRounds "9"]
[EventCountry "RUS"]
[Source "lmi"]
[SourceDate "2016.03.01"]

1. e4 c6 2. d4 d5 3. Nc3 dxe4 4. Nxe4 Bf5 5. Ng3 Bg6 6. h4 h6 7. Nf3 e6 8. h5
Bh7 9. Bd3 Bxd3 10. Qxd3 Nf6 11. Bd2 Be7 12. O-O-O O-O 13. Ne4 Nxe4 14. Qxe4
Qd5 15. Qxd5 cxd5 16. g4 Nc6 17. Rhg1 f6 18. Rde1 Kf7 19. c3 b5 20. Re2 Bd6 21.
Rge1 Rfe8 22. Nh4 b4 23. f4 bxc3 24. bxc3 Rab8 25. Nf3 Na5 26. g5 Nc4 27. g6+
Kf8 28. Rxe6 Rec8 29. f5 Ba3+ 30. Kc2 Bb2 31. Bf4 Rb7 32. Kd3 Bxc3 33. Rc1 Ba5
34. Rd6 Re8 35. Rxd5 Nb2+ 36. Kc2 Re2+ 37. Bd2 Bxd2 38. Nxd2 Nc4 39. Kd3 Rxd2+
40. Kxc4 Rxa2 41. Rc5 Ra4+ 42. Kd3 Rd7 43. Rc8+ Ke7 44. Re1+ 1-0

[Event "Aeroflot Open 2016 B"]
[Site "Moscu RUS"]
[Date "2016.03.01"]
[Round "1.28"]
[White "Melia, Salome"]
[Black "Iljin, Timofey"]
[Result "0-1"]
[WhiteElo "2452"]
[BlackElo "2330"]
[PlyCount "62"]
[EventDate "2016.03.01"]
[EventType "swiss"]
[EventRounds "9"]
[EventCountry "RUS"]
[Source "lmi"]
[SourceDate "2016.03.01"]

1. e4 c5 2. Nf3 Nc6 3. Bb5 e6 4. Bxc6 bxc6 5. b3 f6 6. Bb2 Nh6 7. e5 Be7 8. O-O
O-O 9. d3 fxe5 10. Nxe5 Bf6 11. Qe1 d6 12. Nxc6 Qc7 13. Bxf6 Rxf6 14. Na5 d5
15. b4 Ng4 16. g3 Rh6 17. f3 Nxh2 18. Nd2 Nxf1 19. Nxf1 cxb4 20. Qxb4 Qxc2 21.
Qb5 Bd7 22. Qxd7 Qc5+ 23. Kg2 Qxa5 24. Rc1 Qxa2+ 25. Kg1 Qa6 26. Rc7 Qb6+ 27.
Kg2 Qb2+ 28. Kg1 Rf8 29. f4 a5 30. Rb7 Qd4+ 31. Kg2 Rg6 0-1

[Event "Aeroflot Open 2016 B"]
[Site "Moscu RUS"]
[Date "2016.03.01"]
[Round "1.29"]
[White "Ovod, Evgenija"]
[Black "Ulko, Jaroslav"]
[Result "1/2-1/2"]
[WhiteElo "2324"]
[BlackElo "2452"]
[PlyCount "99"]
[EventDate "2016.03.01"]
[EventType "swiss"]
[EventRounds "9"]
[EventCountry "RUS"]
[Source "lmi"]
[SourceDate "2016.03.01"]

1. d4 Nf6 2. Bg5 e6 3. e3 c5 4. c3 b6 5. Nd2 Bb7 6. Ngf3 cxd4 7. exd4 Be7 8.
Bd3 Nc6 9. O-O Nd5 10. Bxe7 Ncxe7 11. Ne5 O-O 12. Qf3 Qc7 13. Qh3 f5 14. f4 d6
15. Nec4 Rf6 16. Be2 Rg6 17. Rf2 Nxf4 18. Rxf4 Bxg2 19. Qxg2 Rxg2+ 20. Kxg2 e5
21. dxe5 dxe5 22. Rf2 Rd8 23. Nf3 Ng6 24. Kf1 e4 25. Nd4 Nf4 26. Ne3 g6 27.
Bc4+ Kh8 28. Rd2 Re8 29. Rad1 Nd3 30. Bxd3 Qf4+ 31. Rf2 Qxe3 32. Bb5 Qh3+ 33.
Ke1 e3 34. Rf3 Qh4+ 35. Ke2 Qxh2+ 36. Kd3 Rd8 37. Rxe3 Qxb2 38. Bc4 b5 39. Bb3
b4 40. Kc4 bxc3 41. Rde1 Rc8+ 42. Kd5 Qg2+ 43. Ke5 Qb7 44. Ne6 c2 45. Rc1 Qb5+
46. Kf6 Qb6 47. Rd3 Rf8+ 48. Kg5 Re8 49. Rxc2 Qb4 50. Rd7 1/2-1/2

[Event "Aeroflot Open 2016 B"]
[Site "Moscu RUS"]
[Date "2016.03.01"]
[Round "1.30"]
[White "Girya, Olga"]
[Black "Hojjatova, Aydan"]
[Result "1-0"]
[WhiteElo "2452"]
[BlackElo "2323"]
[PlyCount "77"]
[EventDate "2016.03.01"]
[EventType "swiss"]
[EventRounds "9"]
[EventCountry "RUS"]
[Source "lmi"]
[SourceDate "2016.03.01"]

1. d4 Nf6 2. c4 e6 3. Nf3 d5 4. Nc3 Bb4 5. Bg5 Nbd7 6. e3 c5 7. cxd5 exd5 8.
Be2 h6 9. Bh4 g5 10. Bg3 Ne4 11. O-O Bxc3 12. bxc3 c4 13. Qc2 Ndf6 14. Be5 O-O
15. Bxf6 Nxf6 16. Ne5 Nd7 17. f4 f5 18. Rab1 Nxe5 19. fxe5 b6 20. g4 Qd7 21.
gxf5 Rxf5 22. e4 Rxf1+ 23. Rxf1 Qh7 24. Bh5 Bh3 25. Rf3 g4 26. Rf7 Qxe4 27.
Qxe4 dxe4 28. Kf2 b5 29. d5 b4 30. cxb4 c3 31. Rc7 g3+ 32. hxg3 Rc8 33. Rxc8+
Bxc8 34. Ke3 Kf8 35. Bg6 c2 36. Kd2 e3+ 37. Kxc2 Ke7 38. Kd3 Bb7 39. d6+ 1-0

[Event "Aeroflot Open 2016 B"]
[Site "Moscu RUS"]
[Date "2016.03.01"]
[Round "1.31"]
[White "Kostromin, Mikhail"]
[Black "Diermair, Andreas"]
[Result "0-1"]
[WhiteElo "2322"]
[BlackElo "2450"]
[PlyCount "92"]
[EventDate "2016.03.01"]
[EventType "swiss"]
[EventRounds "9"]
[EventCountry "RUS"]
[Source "lmi"]
[SourceDate "2016.03.01"]

1. e4 e5 2. Nf3 Nc6 3. Bb5 a6 4. Ba4 Nf6 5. O-O Be7 6. Re1 b5 7. Bb3 O-O 8. c3
d6 9. d4 Bg4 10. d5 Na5 11. Bc2 Qc8 12. h3 Bd7 13. Nbd2 c6 14. dxc6 Qxc6 15.
Nf1 Rfc8 16. Ng3 b4 17. cxb4 Qxc2 18. bxa5 Rab8 19. b3 Qc5 20. Bd2 Qa3 21. Nh4
g6 22. Bg5 Qxa5 23. Re3 Qd8 24. Nf3 Be6 25. Rd3 Qa5 26. Bxf6 Bxf6 27. Rxd6 Qa3
28. Rd3 Rb6 29. Nf1 Rbc6 30. Qe2 Rc2 31. Rd2 Qb2 32. Qd1 Rxd2 33. N1xd2 Rc2 34.
a4 Be7 35. Rb1 Qc3 36. Qe2 a5 37. Qe3 Qxe3 38. fxe3 Bb4 39. Rd1 f6 40. Kf1 Rb2
41. Ke2 Bxb3 42. Ra1 Kf7 43. Kd3 Ke6 44. g4 Bc2+ 45. Kc4 Kd6 46. h4 f5 0-1

[Event "Aeroflot Open 2016 B"]
[Site "Moscu RUS"]
[Date "2016.03.01"]
[Round "1.32"]
[White "Schreiner, Peter"]
[Black "Murtazin, Bulat"]
[Result "1-0"]
[WhiteElo "2446"]
[BlackElo "2315"]
[PlyCount "77"]
[EventDate "2016.03.01"]
[EventType "swiss"]
[EventRounds "9"]
[EventCountry "RUS"]
[Source "lmi"]
[SourceDate "2016.03.01"]

1. d4 Nf6 2. c4 e6 3. g3 Bb4+ 4. Bd2 c5 5. Bxb4 cxb4 6. Bg2 d5 7. Nd2 O-O 8.
Ngf3 Nc6 9. O-O Qb6 10. e3 Bd7 11. Ne5 Rad8 12. Nxd7 Rxd7 13. cxd5 exd5 14. Rc1
Rc7 15. Qa4 Rfc8 16. Rc5 Ne7 17. Nb3 Nd7 18. Rb5 Qd6 19. Qxa7 b6 20. Qa4 Rc4
21. e4 Rc2 22. e5 Qe6 23. Qa6 h5 24. h4 R8c6 25. Rxb4 Rxb2 26. Qa3 Re2 27. Bf3
Rec2 28. Na1 Rd2 29. Bxh5 Rc4 30. Nb3 Rxb4 31. Nxd2 Nc6 32. Nf3 g6 33. Ng5 Qf5
34. Bf3 Rxd4 35. Qa8+ Ndb8 36. Qb7 Rd3 37. Bg4 Nd8 38. Qxb8 Qxg4 39. Qxd8+ 1-0

[Event "Aeroflot Open 2016 B"]
[Site "Moscu RUS"]
[Date "2016.03.01"]
[Round "1.33"]
[White "Gomes, Mary Ann"]
[Black "Venkatesh, M.R."]
[Result "0-1"]
[WhiteElo "2312"]
[BlackElo "2443"]
[PlyCount "70"]
[EventDate "2016.03.01"]
[EventType "swiss"]
[EventRounds "9"]
[EventCountry "RUS"]
[Source "lmi"]
[SourceDate "2016.03.01"]

1. Nf3 d5 2. c4 d4 3. g3 Nc6 4. Bg2 e5 5. d3 Nf6 6. O-O a5 7. Na3 Be7 8. e3
dxe3 9. fxe3 O-O 10. d4 Bg4 11. h3 Bxf3 12. Bxf3 exd4 13. Bxc6 bxc6 14. exd4
Ne4 15. Kg2 Rb8 16. Nc2 Bd6 17. Rf3 f5 18. b3 Rf6 19. Bf4 Rg6 20. Bxd6 Qxd6 21.
Qd3 h5 22. c5 Qe6 23. Re1 h4 24. d5 Qxd5 25. Qxd5+ cxd5 26. Rxf5 Rxg3+ 27. Kh2
Rf8 28. Nd4 Rc3 29. Rxf8+ Kxf8 30. Ne6+ Kg8 31. Nxc7 Rc2+ 32. Kg1 Ng5 33. Re3
d4 34. Rd3 Rxc5 35. Ne8 Rc3 0-1

[Event "Aeroflot Open 2016 B"]
[Site "Moscu RUS"]
[Date "2016.03.01"]
[Round "1.34"]
[White "Dvalishvili, Pavel S"]
[Black "Erzhanov, Arman"]
[Result "1-0"]
[WhiteElo "2442"]
[BlackElo "2305"]
[PlyCount "95"]
[EventDate "2016.03.01"]
[EventType "swiss"]
[EventRounds "9"]
[EventCountry "RUS"]
[Source "lmi"]
[SourceDate "2016.03.01"]

1. e4 c5 2. Nf3 Nc6 3. Bb5 d6 4. O-O Bd7 5. Re1 Nf6 6. c3 a6 7. Bf1 Bg4 8. d3
e6 9. h3 Bh5 10. Bf4 Be7 11. Nbd2 O-O 12. g4 Bg6 13. Nh4 Nd7 14. Nxg6 hxg6 15.
Bh2 g5 16. Nb3 Rc8 17. d4 cxd4 18. cxd4 Na5 19. Nd2 Nb6 20. Nf3 Qd7 21. Bd3 Rc7
22. Qe2 Rfc8 23. Rad1 Qd8 24. Kg2 Nd7 25. d5 e5 26. b3 b5 27. Bg3 Nf8 28. Qd2
Ra7 29. Rc1 Raa8 30. b4 Nb7 31. Rc6 Ng6 32. Rec1 Rcb8 33. Qe3 Bf6 34. Bf1 Ne7
35. Rc7 Ng6 36. R7c6 Ne7 37. Nd2 Qf8 38. Nb3 Nxc6 39. dxc6 Nd8 40. c7 Rc8 41.
cxd8=Q Qxd8 42. Rd1 Rc2 43. Nc5 dxc5 44. Rxd8+ Rxd8 45. Qa3 Rd6 46. bxc5 Rc6
47. Bxb5 R6xc5 48. Qxa6 1-0

[Event "Aeroflot Open 2016 B"]
[Site "Moscu RUS"]
[Date "2016.03.01"]
[Round "1.35"]
[White "Musaev, Rasul"]
[Black "Konovalov, Nikolay"]
[Result "0-1"]
[WhiteElo "2297"]
[BlackElo "2437"]
[PlyCount "74"]
[EventDate "2016.03.01"]
[EventType "swiss"]
[EventRounds "9"]
[EventCountry "RUS"]
[Source "lmi"]
[SourceDate "2016.03.01"]

1. e4 c5 2. Nf3 Nc6 3. Bb5 e6 4. O-O Nge7 5. Re1 a6 6. Bf1 d5 7. exd5 Qxd5 8.
Nc3 Qd8 9. Ne4 Nf5 10. b3 Be7 11. Bb2 O-O 12. g3 b6 13. Bg2 Bb7 14. Ne5 Qc7 15.
Ng4 Nfd4 16. c3 Nf5 17. Qc2 Rad8 18. Rad1 Rd7 19. d3 Rfd8 20. f4 b5 21. Nef2 b4
22. Ne5 Nxe5 23. fxe5 Bxg2 24. Kxg2 Bg5 25. Bc1 Qc6+ 26. Kf1 Bxc1 27. Qxc1 bxc3
28. Qxc3 Qf3 29. Qxc5 h5 30. Kg1 h4 31. Ne4 hxg3 32. hxg3 Nxg3 33. Qe3 Qh1+ 34.
Kf2 Qh2+ 35. Kf3 Nxe4 36. Qxe4 Rd4 37. Rh1 Rxd3+ 0-1

[Event "Aeroflot Open 2016 B"]
[Site "Moscu RUS"]
[Date "2016.03.01"]
[Round "1.36"]
[White "Baghdasaryan, Vahe"]
[Black "Von Meijenfeldt, Bart"]
[Result "1-0"]
[WhiteElo "2436"]
[BlackElo "2295"]
[PlyCount "103"]
[EventDate "2016.03.01"]
[EventType "swiss"]
[EventRounds "9"]
[EventCountry "RUS"]
[Source "lmi"]
[SourceDate "2016.03.01"]

1. c4 Nf6 2. Nc3 g6 3. g3 Bg7 4. Bg2 O-O 5. d3 c5 6. e4 Nc6 7. Nge2 a6 8. O-O
Ne8 9. Be3 Nd4 10. Rb1 d6 11. b4 b5 12. e5 Rb8 13. exd6 exd6 14. cxb5 axb5 15.
bxc5 dxc5 16. Bxd4 cxd4 17. Nxb5 Be6 18. Qa4 Bd7 19. Nexd4 Qb6 20. Qb4 Nc7 21.
a4 Na6 22. Qe7 Nc5 23. Na3 Bxd4 24. Rxb6 Rxb6 25. Bd5 Rf6 26. Qe2 Re8 27. Qd2
Bg4 28. Be4 Nxe4 29. dxe4 Rxe4 30. Nb5 Bb6 31. Nc3 Rd4 32. Qb2 Re6 33. Kg2 Rd8
34. Qb4 h5 35. a5 Ba7 36. Qb7 Bd4 37. Qc7 Ree8 38. Re1 Be6 39. Nb5 Bd5+ 40. Kf1
Rxe1+ 41. Kxe1 Re8+ 42. Kd2 Bxf2 43. Qd7 Re5 44. Qd6 Rf5 45. Qb8+ Kh7 46. Nd6
Rf3 47. Qb5 Be6 48. Qe5 h4 49. Ne8 Kh6 50. Qh8+ Kg5 51. Qxh4+ Kf5 52. Nd6+ 1-0

[Event "Aeroflot Open 2016 B"]
[Site "Moscu RUS"]
[Date "2016.03.01"]
[Round "1.37"]
[White "Iniyan, P."]
[Black "Guo, Qi"]
[Result "1/2-1/2"]
[WhiteElo "2295"]
[BlackElo "2435"]
[PlyCount "69"]
[EventDate "2016.03.01"]
[EventType "swiss"]
[EventRounds "9"]
[EventCountry "RUS"]
[Source "lmi"]
[SourceDate "2016.03.01"]

1. d4 Nf6 2. c4 e6 3. Nc3 Bb4 4. a3 Bxc3+ 5. bxc3 c5 6. e3 b6 7. Bd3 Bb7 8. Nf3
O-O 9. O-O Be4 10. Be2 Nc6 11. Nd2 Bg6 12. f3 d5 13. Nb3 Rc8 14. cxd5 exd5 15.
dxc5 bxc5 16. Nxc5 Ne7 17. Nd3 Rxc3 18. Bb2 Rc6 19. Qd2 Ne4 20. Qe1 Nd6 21. Nb4
Rc7 22. Rd1 Nc4 23. Bxc4 Rxc4 24. Qd2 Qb6 25. Nxd5 Nxd5 26. Qxd5 Qxe3+ 27. Kh1
Rc2 28. Qd4 Qxd4 29. Bxd4 a6 30. Rf2 Rd8 31. Rxc2 Bxc2 32. Rd2 Ba4 33. h3 f6
34. Bc3 Rxd2 35. Bxd2 1/2-1/2

[Event "Aeroflot Open 2016 B"]
[Site "Moscu RUS"]
[Date "2016.03.01"]
[Round "1.38"]
[White "Li, Di"]
[Black "Zhang, Ziji"]
[Result "1/2-1/2"]
[WhiteElo "2428"]
[BlackElo "2283"]
[PlyCount "92"]
[EventDate "2016.03.01"]
[EventType "swiss"]
[EventRounds "9"]
[EventCountry "RUS"]
[Source "lmi"]
[SourceDate "2016.03.01"]

1. c4 c6 2. Nf3 Nf6 3. Nc3 d5 4. e3 e6 5. d4 Nbd7 6. Bd3 dxc4 7. Bxc4 b5 8. Bd3
Bd6 9. O-O O-O 10. Qc2 Bb7 11. Ng5 Bxh2+ 12. Kxh2 Ng4+ 13. Kg1 Qxg5 14. f3 Ngf6
15. e4 Qh5 16. Ne2 Rac8 17. b4 Qh4 18. Be3 Nh5 19. Qd2 Ng3 20. Bg5 Nxe2+ 21.
Bxe2 Qh5 22. f4 Qg6 23. Be7 Rfe8 24. f5 exf5 25. exf5 Qh6 26. Qxh6 gxh6 27. f6
Nxf6 28. Rxf6 Rxe7 29. Bf3 Rd8 30. Rd1 Kg7 31. Rf4 Rd6 32. Kf2 Bc8 33. Rc1 Bd7
34. Rc5 Re8 35. a4 a6 36. a5 Ree6 37. Rc1 Rf6 38. Rxf6 Kxf6 39. Ke3 Kg6 40. Rc5
Kg7 41. Rc1 Kf6 42. Rc5 Kg6 43. Bh5+ Kg7 44. Bf3 f5 45. d5 cxd5 46. Rxd5 Re6+
1/2-1/2

[Event "Aeroflot Open 2016 B"]
[Site "Moscu RUS"]
[Date "2016.03.01"]
[Round "1.39"]
[White "Mirzoyan, David"]
[Black "Tunik, Gennady"]
[Result "1/2-1/2"]
[WhiteElo "2241"]
[BlackElo "2426"]
[PlyCount "95"]
[EventDate "2016.03.01"]
[EventType "swiss"]
[EventRounds "9"]
[EventCountry "RUS"]
[Source "lmi"]
[SourceDate "2016.03.01"]

1. Nf3 Nf6 2. c4 e6 3. g3 b6 4. Bg2 Bb7 5. O-O c5 6. Nc3 Be7 7. d4 cxd4 8. Qxd4
d6 9. Bg5 O-O 10. Rfd1 Nbd7 11. Nb5 d5 12. cxd5 Bxd5 13. Nc3 Bc6 14. Rac1 Qe8
15. b4 Rc8 16. e4 h6 17. Bf4 Nb8 18. a3 Bb7 19. Qe3 Nc6 20. h3 Rd8 21. g4 Rxd1+
22. Rxd1 Qa8 23. e5 Nh7 24. Ne1 Rd8 25. Rxd8+ Qxd8 26. Bg3 Nf8 27. Qd3 a6 28.
Qxd8 Nxd8 29. Bxb7 Nxb7 30. f4 b5 31. Nd3 Nd7 32. Bf2 Nd8 33. Ne4 Nc6 34. Kg2
g5 35. Kf3 gxf4 36. Kxf4 a5 37. bxa5 Nxa5 38. Nc3 Bxa3 39. Nxb5 Bf8 40. Nd4 Nc4
41. Nf3 Ncb6 42. Ke4 Nd5 43. Nf4 Nxf4 44. Kxf4 Bb4 45. h4 Bc3 46. Ke4 Kg7 47.
Bg3 Bb2 48. Bf2 1/2-1/2

[Event "Aeroflot Open 2016 B"]
[Site "Moscu RUS"]
[Date "2016.03.01"]
[Round "1.40"]
[White "Harutyunian, Tigran K"]
[Black "Kathmale, Sameer"]
[Result "1-0"]
[WhiteElo "2426"]
[BlackElo "2216"]
[PlyCount "55"]
[EventDate "2016.03.01"]
[EventType "swiss"]
[EventRounds "9"]
[EventCountry "RUS"]
[Source "lmi"]
[SourceDate "2016.03.01"]

1. Nf3 Nf6 2. g3 g6 3. Bg2 Bg7 4. c4 O-O 5. d4 d6 6. O-O Nc6 7. Nc3 a6 8. d5
Na5 9. Nd2 c5 10. Rb1 Rb8 11. b3 b5 12. Bb2 Bh6 13. Ba1 bxc4 14. bxc4 Bf5 15.
e4 Bg4 16. Qc2 Bxd2 17. Qxd2 Nxc4 18. Qd3 Ne5 19. Qxa6 Qc8 20. Qxc8 Rfxc8 21.
f4 Nc4 22. Rbe1 Bd7 23. e5 dxe5 24. fxe5 Ng4 25. e6 fxe6 26. dxe6 Be8 27. Nd5
Rb7 28. Rf4 1-0

[Event "Aeroflot Open 2016 B"]
[Site "Moscu RUS"]
[Date "2016.03.01"]
[Round "1.41"]
[White "Utiatskaja, Irina"]
[Black "Sagar, Shah"]
[Result "0-1"]
[WhiteElo "2215"]
[BlackElo "2425"]
[PlyCount "54"]
[EventDate "2016.03.01"]
[EventType "swiss"]
[EventRounds "9"]
[EventCountry "RUS"]
[Source "lmi"]
[SourceDate "2016.03.01"]

1. e4 e6 2. d4 d5 3. Nd2 Nf6 4. e5 Nfd7 5. f4 c5 6. Ngf3 Nc6 7. Nb3 f6 8. c3 c4
9. Nbd2 b5 10. exf6 gxf6 11. Nh4 Bd6 12. Qh5+ Ke7 13. g3 Qe8 14. Qe2 Kd8 15.
Bh3 f5 16. O-O Nf6 17. b3 Kc7 18. a4 b4 19. bxc4 bxc3 20. c5 Be7 21. Nb3 Ne4
22. Bg2 Rb8 23. Bxe4 fxe4 24. Qc2 Bxh4 25. gxh4 Rg8+ 26. Kh1 Ba6 27. Rf2 Bc4
0-1

[Event "Aeroflot Open 2016 B"]
[Site "Moscu RUS"]
[Date "2016.03.01"]
[Round "1.42"]
[White "Tsydypov, Zhamsaran"]
[Black "Li, Yankai"]
[Result "1-0"]
[WhiteElo "2425"]
[BlackElo "2175"]
[PlyCount "99"]
[EventDate "2016.03.01"]
[EventType "swiss"]
[EventRounds "9"]
[EventCountry "RUS"]
[Source "lmi"]
[SourceDate "2016.03.01"]

1. d4 Nf6 2. c4 e6 3. Nf3 b6 4. a3 Bb7 5. Nc3 d5 6. Bg5 Be7 7. e3 O-O 8. Qc2
Nbd7 9. cxd5 exd5 10. Bd3 h6 11. Bh4 Nh5 12. Bxe7 Qxe7 13. O-O Rfe8 14. Rfc1 c6
15. b4 Nhf6 16. Rab1 Qd6 17. Bf5 Re7 18. Ne1 g6 19. Bh3 Kg7 20. Nd3 Bc8 21. Ne2
Ba6 22. Nb2 Nf8 23. Ng3 Rc7 24. Nd1 Bc8 25. Bxc8 Raxc8 26. Nc3 h5 27. Nf1 Ne6
28. Rd1 Ng5 29. Rbc1 h4 30. h3 Qe6 31. f3 Qe7 32. Qf2 Rh8 33. Re1 Rh5 34. Nd2
Qd7 35. e4 dxe4 36. fxe4 Nxh3+ 37. gxh3 Rg5+ 38. Kh2 Rg3 39. Qf1 Qxd4 40. Nf3
Qd7 41. Ne2 Nxe4 42. Nxg3 hxg3+ 43. Kg2 f5 44. Qc4 c5 45. Rxe4 fxe4 46. Qxe4
Rc8 47. bxc5 bxc5 48. Qe5+ Kh7 49. Rxc5 Rxc5 50. Qxc5 1-0

[Event "Aeroflot Open 2016 B"]
[Site "Moscu RUS"]
[Date "2016.03.01"]
[Round "1.43"]
[White "Aslanov, Farid"]
[Black "Sychev, Klementy"]
[Result "1/2-1/2"]
[WhiteElo "2171"]
[BlackElo "2424"]
[PlyCount "154"]
[EventDate "2016.03.01"]
[EventType "swiss"]
[EventRounds "9"]
[EventCountry "RUS"]
[Source "lmi"]
[SourceDate "2016.03.01"]

1. Nf3 Nf6 2. c4 e6 3. Nc3 d5 4. e3 Be7 5. b3 O-O 6. Bb2 c5 7. cxd5 exd5 8. d4
Nc6 9. Be2 b6 10. O-O Bb7 11. Rc1 Rc8 12. dxc5 bxc5 13. Qc2 Nb8 14. Rfd1 Nbd7
15. Ng5 h6 16. Nh3 Qc7 17. Qf5 Bd6 18. Nf4 Bxf4 19. Qxf4 Qxf4 20. exf4 d4 21.
Na4 Rfe8 22. Bb5 a6 23. Bf1 Nd5 24. g3 N5f6 25. Ba3 Bf3 26. Re1 Rxe1 27. Rxe1
Rc6 28. Rc1 Ne4 29. Bd3 g5 30. Bxe4 Bxe4 31. Nxc5 Nxc5 32. Rxc5 gxf4 33. Rxc6
Bxc6 34. g4 Kh7 35. Bc1 f3 36. g5 h5 37. Kf1 Kg6 38. Ke1 Kf5 39. Kd2 Bb5 40.
Bb2 Ke4 41. Ba3 Kf4 42. Bc5 Ke4 43. Ba3 Bd3 44. Be7 Bb1 45. a3 Bd3 46. Bd8 Bb5
47. Bb6 Bd7 48. b4 Ba4 49. Ba7 Kd5 50. Bb6 Bd7 51. Ba7 Kc4 52. Bb6 Bb5 53. Ba7
Bc6 54. Bb6 Be4 55. Ba7 Bf5 56. Bb6 Kd5 57. Ba7 Bc8 58. Bb6 Kc4 59. Ba7 Bd7 60.
Bb6 Bb5 61. Ba7 d3 62. Bb6 Kb3 63. Be3 Kxa3 64. Kc3 Ka4 65. Bd2 Ka3 66. h4 Ka4
67. Be1 Ka3 68. Bd2 Ka2 69. Be3 Kb1 70. Bd2 Ka1 71. Bf4 Ka2 72. Be3 Ka1 73. Bf4
Kb1 74. Bd2 Ka2 75. Be3 Ka3 76. Bd2 Ka4 77. Be1 Ka3 1/2-1/2

[Event "Aeroflot Open 2016 B"]
[Site "Moscu RUS"]
[Date "2016.03.01"]
[Round "1.44"]
[White "Oganian, Miran"]
[Black "Qiu, Mengjie"]
[Result "1-0"]
[WhiteElo "2422"]
[BlackElo "2169"]
[PlyCount "111"]
[EventDate "2016.03.01"]
[EventType "swiss"]
[EventRounds "9"]
[EventCountry "RUS"]
[Source "lmi"]
[SourceDate "2016.03.01"]

1. d4 Nf6 2. c4 e6 3. g3 d5 4. Nf3 dxc4 5. Bg2 Nc6 6. Qa4 Bb4+ 7. Bd2 Nd5 8.
Bxb4 Ndxb4 9. O-O Rb8 10. Nc3 a6 11. Ne5 O-O 12. Nxc6 Nxc6 13. Bxc6 bxc6 14.
Qxc4 Rxb2 15. Rab1 Rb6 16. Qc5 h6 17. a4 a5 18. Rfd1 Ba6 19. e3 Qb8 20. Qxa5
Be2 21. Rdc1 Bd3 22. Ra1 Ra6 23. Qe5 Qa7 24. Qh5 Ra5 25. Qd1 Qa6 26. Qd2 e5 27.
Na2 Be4 28. Nb4 Qa8 29. Nd3 exd4 30. Nc5 dxe3 31. fxe3 Bf5 32. Rc4 Rd8 33. Qc3
Qa7 34. Rc1 Bh3 35. Nb7 Qxb7 36. Qxa5 c5 37. R4c2 Qf3 38. Qe1 c4 39. Qe2 Qxe2
40. Rxe2 Bf5 41. e4 Be6 42. a5 Ra8 43. Ra1 Ra6 44. Rb2 Kf8 45. Rb7 Ke7 46.
Rxc7+ Kd6 47. Rb7 Ke5 48. Rb6 Ra8 49. a6 Kxe4 50. a7 c3 51. Rb8 Bd5 52. Kf2 Kd3
53. Rd1+ Kc4 54. Rxa8 Bxa8 55. Rd8 Bh1 56. Ke3 1-0

[Event "Aeroflot Open 2016 B"]
[Site "Moscu RUS"]
[Date "2016.03.01"]
[Round "1.45"]
[White "Yuan, Ye"]
[Black "Balashov, Yuri S"]
[Result "0-1"]
[WhiteElo "2140"]
[BlackElo "2408"]
[PlyCount "82"]
[EventDate "2016.03.01"]
[EventType "swiss"]
[EventRounds "9"]
[EventCountry "RUS"]
[Source "lmi"]
[SourceDate "2016.03.01"]

1. d4 Nf6 2. c4 e6 3. g3 c5 4. d5 exd5 5. cxd5 g6 6. Nc3 d6 7. Bg2 Bg7 8. Nf3
O-O 9. O-O a6 10. a4 Nbd7 11. Bf4 Qc7 12. e4 Re8 13. Re1 Ng4 14. Nd2 Nge5 15.
Bf1 Nf8 16. Rc1 Bg4 17. f3 Bd7 18. b4 c4 19. Be3 b5 20. a5 Rac8 21. Ndb1 Qd8
22. Be2 Qf6 23. f4 Nd3 24. Bxd3 cxd3 25. Qxd3 Rc4 26. e5 Qf5 27. Qxf5 Bxf5 28.
Na2 Rxc1 29. Rxc1 dxe5 30. Kf2 Nd7 31. Nac3 exf4 32. gxf4 Rc8 33. Bd2 Bf8 34.
Re1 Bxb4 35. Ne4 Be7 36. Ng3 Bxb1 37. Rxb1 Nf6 38. Re1 Nxd5 39. f5 Rc2 40. Re2
b4 41. fxg6 hxg6 0-1

[Event "Aeroflot Open 2016 B"]
[Site "Moscu RUS"]
[Date "2016.03.01"]
[Round "1.46"]
[White "Savitskiy, Sergey"]
[Black "Bogumil, Tatiana"]
[Result "1-0"]
[WhiteElo "2407"]
[BlackElo "2132"]
[PlyCount "69"]
[EventDate "2016.03.01"]
[EventType "swiss"]
[EventRounds "9"]
[EventCountry "RUS"]
[Source "lmi"]
[SourceDate "2016.03.01"]

1. e4 e5 2. Bc4 Nc6 3. d3 Nf6 4. Nf3 Be7 5. O-O O-O 6. Nbd2 a6 7. c3 d6 8. Bb3
Na5 9. Bc2 c5 10. Re1 Re8 11. Nf1 Bf8 12. h3 g6 13. d4 cxd4 14. cxd4 Bd7 15.
Bg5 Bg7 16. N1d2 Rc8 17. d5 h6 18. Be3 Nc4 19. Nxc4 Rxc4 20. Bd3 Rc8 21. a4 Nh5
22. Qd2 Kh7 23. Qb4 Qf6 24. Nh2 Nf4 25. Bf1 Rc7 26. Rac1 Rxc1 27. Rxc1 Qg5 28.
Kh1 Qd8 29. Qxb7 Bxa4 30. Rc7 Bb5 31. Rxf7 Rg8 32. Bxb5 axb5 33. Ng4 Qa5 34.
Rxg7+ Rxg7 35. Nf6+ 1-0

[Event "Aeroflot Open 2016 B"]
[Site "Moscu RUS"]
[Date "2016.03.02"]
[Round "2.1"]
[White "Arribas Lopez, Angel"]
[Black "Baghdasaryan, Vahe"]
[Result "1-0"]
[WhiteElo "2543"]
[BlackElo "2436"]
[PlyCount "93"]
[EventDate "2016.03.01"]
[EventType "swiss"]
[EventRounds "9"]
[EventCountry "RUS"]
[Source "lmi"]
[SourceDate "2016.03.01"]

1. e4 c5 2. Nc3 Nc6 3. Bb5 Nd4 4. Nf3 Nxb5 5. Nxb5 g6 6. O-O Bg7 7. e5 a6 8.
Nc3 d6 9. d4 cxd4 10. Qxd4 Bf5 11. Qb4 dxe5 12. Rd1 Qc8 13. Nd5 Qc6 14. Be3 a5
15. Qb6 Qxb6 16. Bxb6 Kf8 17. Nc7 Rc8 18. Bxa5 e4 19. Nd4 Bg4 20. f3 exf3 21.
gxf3 Bh3 22. Rd3 Nf6 23. Re1 Nd7 24. Nde6+ fxe6 25. Rxd7 Kf7 26. Nb5 Rc5 27.
Nd6+ Kg8 28. Rd8+ Bf8 29. Nxb7 Rg5+ 30. Kf2 Rg2+ 31. Ke3 Kf7 32. Bc3 Bh6+ 33.
Kd3 Bf5+ 34. Kc4 Rxd8 35. Nxd8+ Ke8 36. Nxe6 Rxh2 37. a4 Bxc2 38. a5 Ba4 39. a6
Bc6 40. a7 Kd7 41. Nc5+ Ke8 42. Re6 Rh4+ 43. Ne4 Ba8 44. Bf6 Rh5 45. Rxe7+ Kf8
46. Nd6 Bd5+ 47. Kd4 1-0